000 00302nam a2200121Ia 4500
008 190216s9999||||xx |||||||||||||| ||und||
100 _a"Amitabha Mukerjee,Marakar George"
245 0 _aFinancial Accounting
260 _bTata Mcgrawhill Publishers
300 _a1620
650 _aCommerce
942 _cBK
999 _c7209
_d7209